| 000 | 01312nac a22002891u 4500 | ||
|---|---|---|---|
| 010 | _a 95037873 | ||
| 020 | _a0070166447 (acid-free paper) | ||
| 082 | 0 | 0 |
_a690 _bDEW |
| 090 |
_c7089 _d7089 |
||
| 100 | _aDewberry. Sidney O. [e | ||
| 245 | 0 | 0 |
_aLand development handbook : _bplanning, engineering, and surveying / _cDewberry & Davis ; editor-in-chief, Sidney O. Dewberry ; coordinating editor, John S. Matusik. |
| 260 |
_aNew York : _bMcGraw-Hill,c1996. _cc1996. |
||
| 300 |
_axxvi, 1014 p. : _bill., maps ; _c29 cm. |
||
| 500 | _aDistributer: Al-Ahram. | ||
| 504 | _aIncludes bibliographical references and index. | ||
| 511 | _aCatalogued By: Mahitab. | ||
| 650 | 0 |
_aSurveying _xHandbooks, manuals, etc. |
|
| 650 | 0 |
_aReal estate development _xPlanning _xHandbooks, manuals, etc. |
|
| 650 | 0 |
_aEngineering geology _xHandbooks, manuals, etc. |
|
| 700 | 1 | _aDewberry, Sidney O. | |
| 700 | 1 | _aMatusik, John S. | |
| 710 | 2 | _aDewberry and Davis. | |
| 856 | 4 | 2 |
_3Publisher description _uhttp://www.loc.gov/catdir/description/mh022/95037873.html |
| 856 | 4 | 2 |
_3Table of contents only _uhttp://www.loc.gov/catdir/toc/mh022/95037873.html |
| 856 | 4 | 2 |
_3Contributor biographical information _uhttp://www.loc.gov/catdir/enhancements/fy0602/95037873-b.html |
| 942 |
_cNB _k690DEW |
||
| 999 |
_c7089 _d7089 |
||